01014nam a2200265 i 45000010005000000030009000050050017000140080039000310150017000700400035000870800019001221000040001412450121001812600047003023000033003493800017003824900030003995040028004296500032004576500035004896500029005247100069005538560097006228300029007198662KOSZ 00520220728135317.0070726s1970 pl a f 000 0 pol aPB 1970/6545 aWA NcKOSZ 005/RWdKOSZ 005/RW a62.001:331-0571 aKról, Henrykd(1932-2014).eAutor10aPostęp techniczny a kwalifikacje :bwpływ postępu technicznego na potrzeby kadrowe przemysłu /cHenryk Król. aWarszawa :b"Książka i Wiedza",c1970. a348, [4] s. :bil. ;c23 cm. aKsiążki.1 aBiblioteka Nauki o Pracy. aBibliogr. s. [333]-336. 4aKadryxprzemysłxpolityka. 4aPostęp technicznyxprzemysł 4aPrzemysłxzatrudnienie.2 aSpółdzielnia Wydawniczo-Handlowa "Książka i Wiedza"4pbl. uhttp://koha.tu.koszalin.pl/cgi-bin/koha/opac-detail.pl?biblionumber=8662yKatalog online BPK 0aBiblioteka Nauki o Pracy